| 000 | 00457nam a2200205Ia 4500 | ||
|---|---|---|---|
| 001 | 13138 | ||
| 003 | GE_BSU | ||
| 008 | 181216s||||||||xx |||||||||||||| ||und|| | ||
| 020 | _a139780007224883 | ||
| 040 | _cGE_BSU | ||
| 080 | _a821.111-312.4 | ||
| 100 | _aPatterson,James. | ||
| 245 | _aBlack market. | ||
| 260 | _aLondon. | ||
| 260 | _bHarper Collins Publishers. | ||
| 260 | _c1986 | ||
| 300 | _a399p;18cm. | ||
| 653 | _aBlack market. | ||
| 942 | _cBK | ||
| 999 |
_c46302 _d46302 |
||